| 000 | 00749nam a2200265Ia 4500 | ||
|---|---|---|---|
| 003 | GCL | ||
| 008 | 140319s9999 xx 000 0 ara d | ||
| 040 |
_aGCL / _cGCL |
||
| 082 | 0 | 4 |
_aط _b001.2 _bم ح |
| 100 | 1 | _aويست ، مارجريت | |
| 245 | 1 | 0 |
_aالحديث عن الجنائن / _cويست ، مارجريت |
| 250 | _aالاولى | ||
| 260 |
_aبيروت : _bمكتبة لبنان ، _c0 |
||
| 300 |
_a ؛ _c16 سم |
||
| 490 |
_aالحديث عن _v0 |
||
| 650 | 0 | 4 | _aالاطفال |
| 650 | 0 | 4 | _aالاسواق |
| 650 | 0 | 4 | _aالمدارس |
| 650 | 0 | 4 | _aالمساكن |
| 650 | 0 | 4 | _aالتثقيف الذاتى |
| 650 | 0 | 4 | _aالمعرفة |
| 650 | 0 | 4 | _aالحيوان |
| 650 | 0 | 4 | _aالحدائق |
| 942 |
_2ddc _cBK |
||
| 999 |
_c33135 _d33135 |
||